| 000 | 00626nam a22001817a 4500 | ||
|---|---|---|---|
| 003 | BD-DhUL | ||
| 005 | 20170502152832.0 | ||
| 008 | 170502s1991 ii ||||| |||| 00| 0 ben d | ||
| 040 |
_aBD-DhUL _cBD-DhUL |
||
| 082 |
_a954 _bHOT |
||
| 100 | 1 | _aহোর, সোমনাথ | |
| 245 | 0 | 0 |
_aতেভাগার ডায়েরী / _cসোমনাথ হোর |
| 260 |
_aকলিকাতা : _bসুবর্ণরেখা, _c১৯৯১ |
||
| 300 |
_a৫৫ পৃ. : _bচিত্র ; _c২২ সেমি. |
||
| 651 | 4 |
_aভারত _xইতিহাস |
|
| 651 | 4 |
_aIndia _xHistory |
|
| 942 |
_2ddc _cBK |
||
| 999 |
_c194128 _d194128 |
||